Catálogo
 En Linea

Enrichir la vie : (Registro nro. 36683)

Detalles MARC
000 -CABECERA
campo de control de longitud fija 00523nam a2200145 a 4500
001 - NÚMERO DE CONTROL
campo de control 000037193
005 - FECHA Y HORA DE LA ÚLTIMA TRANSACCIÓN
campo de control 20200930080210.0
008 - DATOS DE LONGITUD FIJA--INFORMACIÓN GENERAL
campo de control de longitud fija 120229s1995 xxua 000 0 spa d
040 ## - FUENTE DE LA CATALOGACIÓN
Centro catalogador/agencia de origen DO-SdBNP
245 00 - MENCIÓN DE TÍTULO
Título Enrichir la vie :
Resto del título en surmontant la malnutrition liée aux carences en vitamines et en minéraux dans les pays en développement.
260 ## - PUBLICACIÓN, DISTRIBUCIÓN, ETC.
Lugar de publicación, distribución, etc. Washington :
Nombre del editor, distribuidor, etc. Banque Mondiale ,
Fecha de publicación, distribución, etc. 1995.
300 ## - DESCRIPCIÓN FÍSICA
Extensión 81 p. :
Otras características físicas il. ;
Dimensiones 23 cm.
490 1# - MENCIÓN DE SERIE
Mención de serie La développement a l´oeuvre
830 #0 - PUNTO DE ACCESO ADICIONAL DE SERIE-TÍTULO UNIFORME
Título uniforme La développement a l´oeuvre
9 (RLIN) 63605
Existencias
Estado de retiro Estado de pérdida Restricciones de uso No para préstamo Código de colección Localización permanente Ubicación/localización actual Ubicación en estantería Fecha de adquisición Número de inventario Total de préstamos Signatura topográfica completa Código de barras Fecha visto por última vez Precio válido a partir de Tipo de ítem Koha Número de copia
      Excluido de préstamo Monografías: Libros y Folletos General General Depósito 29.02.2012 LF1   37193-10 25.06.2020 25.06.2020 No se presta  
      Excluido de préstamo Monografías: Libros y Folletos General General Depósito 29.02.2012 LF1   37193-20 25.06.2020 25.06.2020 No se presta e. 2

Con tecnología Koha